000 00813nas a2200253 4500
001 BR0401274
003 BR-BrBNA
005 20231205104403.0
007 ta
008 230509b bl.|||p| |||| 00| 00por d
040 _aBR-BrBNA
_bpor
_cBiblioteca Nacional de Agricultura
041 _a(En)
072 _aF60
100 1 _aSouza, R.P.
100 1 _aVálio, I.F.M.
245 1 _aLeaf optical properties as affected by shade in samplings of six tropical tree species differing in successional status
650 _aCLOROFILA
650 _aÁREA FOLIAR
650 _aSOMBREAMENTO
650 _aANÁLISE FOLIAR
773 0 _tBrazilian Journal of Plant Physiology (Brazil)
_xISSN 1677-0420
_g(Jan-Apr 2003), v. 15(1) p. 49-54
_wBR0401274
909 _a202311
_bLúcia
_c55
_dLúcia Elande
942 _2AGRIS
_n0
_cANA
999 _c177894
_d177894